Correlates and Consequences of Juvenile Exposure to Violence in the United States, 1995

This study examined the effect of exposure to violence on juveniles. It was specifically concerned with juveniles' perceptions of violence in schools and communities and how exposure to violence served as a risk factor for juvenile drug and alcohol use and participation in other delinquent acti...

Full description

Saved in:  
Bibliographic Details
Main Author: Nofziger, Stacey (Author)
Format: Electronic Research Data
Language:English
Published: [Erscheinungsort nicht ermittelbar] [Verlag nicht ermittelbar] 2004
In:Year: 2004
Online Access: Volltext (kostenfrei)
Check availability: HBZ Gateway
Keywords:

MARC

LEADER 00000cam a22000002c 4500
001 1840064943
003 DE-627
005 20250708100157.0
007 cr uuu---uuuuu
008 230324s2004 xx |||||o 00| ||eng c
024 7 |a 10.3886/ICPSR03986.v1  |2 doi 
035 |a (DE-627)1840064943 
035 |a (DE-599)KXP1840064943 
040 |a DE-627  |b ger  |c DE-627  |e rda 
041 |a eng 
084 |a 2,1  |2 ssgn 
100 1 |a Nofziger, Stacey  |e VerfasserIn  |4 aut 
245 1 0 |a Correlates and Consequences of Juvenile Exposure to Violence in the United States, 1995 
264 1 |a [Erscheinungsort nicht ermittelbar]  |b [Verlag nicht ermittelbar]  |c 2004 
336 |a Text  |b txt  |2 rdacontent 
337 |a Computermedien  |b c  |2 rdamedia 
338 |a Online-Ressource  |b cr  |2 rdacarrier 
520 |a This study examined the effect of exposure to violence on juveniles. It was specifically concerned with juveniles' perceptions of violence in schools and communities and how exposure to violence served as a risk factor for juvenile drug and alcohol use and participation in other delinquent activities. It also sought to develop a more complete picture of the context and consequences of violence in schools. The data for this study were drawn from the NATIONAL SURVEY OF ADOLESCENTS IN THE UNITED STATES, 1995 (ICPSR 2833). The data were collected through a national probability telephone sample of 4,023 juveniles and their parents or guardians. The current study drew primarily on the questions that were asked about respondents' experiences witnessing violence, their own victimization, peer and family deviance, their own delinquent activities, and drug and alcohol use. 
540 |a ICPSR Terms of Use 
650 4 |a Alcohol abuse 
650 4 |a Drug use 
650 4 |a Family Violence 
650 4 |a Juveniles 
650 4 |a School violence 
650 4 |a Substance Abuse 
650 4 |a Violence 
655 7 |a Forschungsdaten  |0 (DE-588)1098579690  |0 (DE-627)857755366  |0 (DE-576)469182156  |2 gnd-content 
787 0 8 |i Forschungsdaten zu  |a Nofziger, Stacey Diane  |t Correlates and Consequences of Juvenile Exposure to Violence: A Replication and Extension of Major Findings from the National Survey of Adolescents, Final Technical Report  |d [Erscheinungsort nicht ermittelbar] : United States Department of Justice, National Institute of Justice [distributor]. University of Akron [producer], 2003  |w (DE-627)1912493799 
787 0 8 |i Forschungsdaten zu  |a Nofziger, Stacey Diane  |t Correlations and Consequences of Juvenile Exposure to Violence: A Replication and Extension of Major Findings from the National Survey of Adolescents, Executive Summary  |d [Erscheinungsort nicht ermittelbar] : United States Department of Justice, National Institute of Justice [distributor]. University of Akron [producer], 2003  |w (DE-627)1912494353 
787 0 8 |i Forschungsdaten zu  |a Nofziger, Stacey Diane  |t Deviant lifestyles and violent victimization at school  |d 2009  |w (DE-627)1912512955 
787 0 8 |i Forschungsdaten zu  |a Lawrence, Daysha R.  |t Exploring the relationship between physical victimization, deviant peer associations, and substance abuse/dependence  |d American Society of Criminology, 2010  |w (DE-627)1912552183 
787 0 8 |i Forschungsdaten zu  |a Nofziger, Stacey Diane  |t Violent lives: A lifestyle model linking exposure to violence to juvenile violent offending  |d 2005  |w (DE-627)1912744627 
856 4 0 |u https://doi.org/10.3886/ICPSR03986.v1  |x Resolving-System  |z kostenfrei  |3 Volltext  |7 0 
935 |a mkri 
951 |a BO 
ELC |a 1 
LOK |0 000 xxxxxcx a22 zn 4500 
LOK |0 001 429681267X 
LOK |0 003 DE-627 
LOK |0 004 1840064943 
LOK |0 005 20230324125327 
LOK |0 008 230324||||||||||||||||ger||||||| 
LOK |0 035   |a (DE-2619)ICPSR3986 
LOK |0 040   |a DE-2619  |c DE-627  |d DE-2619 
LOK |0 092   |o n 
LOK |0 852   |a DE-2619 
LOK |0 852 1  |9 00 
LOK |0 935   |a foda  |a nacj 
LOK |0 939   |a 24-03-23  |b l01 
OAS |a 1 
ORI |a SA-MARC-krimdoka001.raw